Statistics for Picture of Which U.S. City?

Click here to take the quiz!

General Stats

  • This quiz has been taken 172 times
  • The average score is 11 of 12

Answer Stats

Answer% Correct
S{eattle}
99%
W{ashington}
99%
L{as} {Vegas}
98%
N{ew} {York} {City}
97%
L{os} {Angeles}
96%
S{an} {Francisco}
96%
N{ew} {Orleans}
92%
P{hiladelphia}
92%
S{t.} {Louis}
90%
D{etroit}
85%
D{enver}
84%
S{edona}
26%

Score Distribution

Percentile by Number Answered

Percent of People with Each Score

Your Score History

You have not taken this quiz